|
|
|
|
| LEADER |
00000cam a22000004a 4500 |
| 001 |
musev2_63231 |
| 003 |
MdBmJHUP |
| 005 |
20230905050516.0 |
| 006 |
m o d |
| 007 |
cr||||||||nn|n |
| 008 |
181029t20182018nyu o 00 0 eng d |
| 010 |
|
|
|z 2018051489
|
| 020 |
|
|
|a 9780815654568
|
| 020 |
|
|
|z 9780815636113
|
| 035 |
|
|
|a (OCoLC)1060185097
|
| 040 |
|
|
|a MdBmJHUP
|c MdBmJHUP
|
| 100 |
1 |
|
|a Drabble, Margaret,
|d 1939-
|e author.
|
| 240 |
1 |
0 |
|a Plays
|
| 245 |
1 |
4 |
|a The Plays of Margaret Drabble :
|b A Critical Edition /
|c edited by Jose Francisco Fernández.
|
| 250 |
|
|
|a First edition.
|
| 264 |
|
1 |
|a Syracuse, New York :
|b Syracuse University Press,
|c 2018.
|
| 264 |
|
3 |
|a Baltimore, Md. :
|b Project MUSE,
|c 2019
|
| 264 |
|
4 |
|c ©2018.
|
| 300 |
|
|
|a 1 online resource.
|
| 336 |
|
|
|a text
|b txt
|2 rdacontent
|
| 337 |
|
|
|a computer
|b c
|2 rdamedia
|
| 338 |
|
|
|a online resource
|b cr
|2 rdacarrier
|
| 505 |
0 |
|
|a Introduction / Jose Francisco Fernández -- Laura -- Bird of paradise -- The presence of theater in the life of the novelist / Jose Francisco Fernández -- Laura: historical context / Jose Francisco Fernández -- Bird of paradise: historical context / Betsabe Navarro -- The plays and early novels: intersections / Ángela Rivera Izquierdo -- Margaret Drabble and British drama of the late 1950s and the 1960s / Germán Asensio Peral -- Margaret Drabble's Laura and television in Britain in the 1960s / Verónica Membrive Perez.
|
| 520 |
|
|
|a "This is an edited volume of Margaret Drabble's two plays for the theatre. The original texts are included, after an ample introduction. In short, this is a critical edition of her plays, with essays from several contributors"--
|c Provided by publisher
|
| 588 |
|
|
|a Description based on print version record.
|
| 650 |
|
7 |
|a English drama.
|2 fast
|0 (OCoLC)fst00910737
|
| 650 |
|
7 |
|a DRAMA
|x General.
|2 bisacsh
|
| 650 |
|
7 |
|a DRAMA
|x English, Irish, Scottish, Welsh.
|2 bisacsh
|
| 650 |
|
0 |
|a English drama
|y 21st century.
|
| 655 |
|
7 |
|a Theâtre.
|2 rvmgf
|
| 655 |
|
7 |
|a Drama.
|2 lcgft
|
| 655 |
|
7 |
|a Drama.
|2 fast
|0 (OCoLC)fst01423879
|
| 655 |
|
7 |
|a Electronic books.
|2 local
|
| 700 |
1 |
2 |
|a Drabble, Margaret,
|d 1939-
|t Bird of paradise.
|
| 700 |
1 |
2 |
|a Drabble, Margaret,
|d 1939-
|t Laura.
|
| 700 |
1 |
|
|a Fernández, Jose Francisco,
|e editor.
|
| 710 |
2 |
|
|a Project Muse.
|e distributor
|
| 830 |
|
0 |
|a Book collections on Project MUSE.
|
| 856 |
4 |
0 |
|z Texto completo
|u https://projectmuse.uam.elogim.com/book/63231/
|
| 945 |
|
|
|a Project MUSE - Custom Collection
|
| 945 |
|
|
|a Project MUSE - 2019 Complete
|
| 945 |
|
|
|a Project MUSE - 2019 Literature
|